Christian Baur et l'école de Tubingue / (Record no. 168143)

MARC details
000 -LEADER
campo de control de longitud fija 00922nam a22002175i 4500
001 - NÚMERO DE CONTROL
campo de control 168143
003 - IDENTIFICADOR DE NÚMERO DE CONTROL
campo de control ES-MaACL
005 - FECHA Y HORA DE LA ÚLTIMA TRANSACCIÓN
campo de control 20250529171956.0
008 - DATOS DE LONGITUD FIJA--INFORMACIÓN GENERAL
campo de control de longitud fija 981002s1883 fr |||| | fre d
040 ## - FUENTE DE CATALOGACIÓN
Centro catalogador/agencia de origen AR
Lengua de catalogación spa
Centro/agencia transcriptor CCPB | 3D
100 1# - ENTRADA PRINCIPAL--NOMBRE DE PERSONA
Nombre de persona Zeller, Eduard.
9 (RLIN) 134030
245 10 - MENCIÓN DEL TÍTULO
Título Christian Baur et l'école de Tubingue /
Mención de responsabilidad, etc. par Edouard Zeller ; traduit de l'allemand par Charles Ritter.
260 ## - PUBLICACIÓN, DISTRIBUCIÓN, ETC.
Lugar de publicación, distribución, etc. Paris :
Nombre del editor, distribuidor, etc. Librairie Germer Bailliere et Cie.,
Fecha de publicación, distribución, etc. 1883 (
Lugar de fabricación/manufactura Versailles :
Fabricante imp. E. Aubert)
300 ## - DESCRIPCIÓN FÍSICA
Extensión IV, 164 p. ;
Dimensiones 19 cm.
500 ## - NOTA GENERAL
Nota general Traduction de deux essais intitulés "Ferdinand Christian Baur" et "Die Tübinger historische Schule", publiés dans les "Vorträge und Abhandlungen geschichtlichen Inhalts"
600 17 - PUNTO DE ACCESO ADICIONAL DE MATERIA--NOMBRE DE PERSONA
Nombre de persona Baur, Ferdinand Christian,
Fechas asociadas al nombre 1792-1860
Fuente del encabezamiento o término
9 (RLIN) 154834
700 1# - ENTRADA AGREGADA--NOMBRE PERSONAL
Nombre de persona Ritter, Charles.
9 (RLIN) 131838
852 ## - LOCALIZACIÓN
Ubicación ES-MaACL
Número de control de estantería F-12245
Nota libre -- Enc. pasta
Holdings
Estatus retirado Estado de pérdida Estado de daño No para préstamo Colección Biblioteca de origen Biblioteca actual Ubicación en estantería Fecha de adquisición Fuente de adquisición Total de préstamos Signatura topográfica completa Código de barras Visto por última vez Precio de reemplazo Tipo de ítem Koha
        Libros del s. XIX Biblioteca del Ateneo de Madrid Biblioteca del Ateneo de Madrid Sala Pecera Planta 2 17/01/2008     F-12245 1176426 23/02/2023 23/02/2023 Libro impreso antiguo